01453cam a2200349 a 450000100090000000300050000900500170001400800410003101000170007202000150008903500230010404000230012704200140015004300120016405000250017608200280020110000230022924500830025226000460033530000380038150000350041950400600045460000230051465000450053765000750058265000740065765100590073165100530079085600960084385600880093985600760102712354065NUST20170613131512.0010321s2000 enkab b 001 0deng d a 2001267501 a1860646166 a(OCoLC)ocm45741200 aORXcORXdEMUdDLC alccopycat af-rw---00aDT450.435b.K44 200000a967.57104221bKHA 20001 aKhan, Shaharyar M.14aThe shallow graves of Rwanda /cShaharyar M. Khan ; foreword by Mary Robinson. aLondon ;aNew York :bI.B. Tauris,c2000. axi, 228 p. :bill., map ;c24 cm. aacc no 2865,2866 are photocopy aIncludes bibliographical references (p. 220) and index.10aKhan, Shaharyar M. 0aGenocidezRwandaxHistoryy20th century. 0aTutsi (African people)xCrimes againstzRwandaxHistoryy20th century. 0aHutu (African people)zRwandaxPolitics and governmenty20th century. 0aRwandaxHistoryyCivil War, 1994vPersonal narratives. 0aRwandaxEthnic relationsxHistoryy20th century.423Contributor biographical informationuhttp://www.loc.gov/catdir/bios/hol056/2001267501.html423Publisher descriptionuhttp://www.loc.gov/catdir/description/hol052/2001267501.html413Table of contentsuhttp://www.loc.gov/catdir/toc/hol051/2001267501.html